[Event "LEM Nachwuchs M-V u18 vom 08.-11.07.202"]
[Site "MaJuWi Greifswald/Wieck"]
[Date "2021.07.11"]
[Round "6.1"]
[White "Fromm, Marius"]
[Black "Schwenck, Fabian"]
[Result "1-0"]
[WhiteElo "2297"]
[BlackElo "1683"]
[PlyCount "51"]
[EventDate "2021.??.??"]
[WhiteTeam "Greifswalder SV"]
[BlackTeam "SG Güstrow"]

1. e4 d6 2. d4 Nf6 3. Nc3 g6 4. Bf4 c6 5. Qd2 Nbd7 6. Nf3 Bg7 7. Bh6 O-O 8.
O-O-O b5 9. Bxg7 Kxg7 10. e5 Ne8 11. h4 Qa5 12. h5 Rh8 13. hxg6 fxg6 14. Qh6+
Kg8 15. Bd3 Nf8 16. Nh4 Ng7 17. exd6 exd6 18. Nxg6 Nxg6 19. Bxg6 Bf5 20. Bxf5
Nxf5 21. Qe6+ Kg7 22. Qxf5 Qd8 23. Rh3 Qf6 24. Qd7+ Qf7 25. Rg3+ Kf8 26. Rf3
1-0

[Event "LEM Nachwuchs M-V u18 vom 08.-11.07.202"]
[Site "MaJuWi Greifswald/Wieck"]
[Date "2021.07.11"]
[Round "6.2"]
[White "Troyke, Jannis"]
[Black "Gazizov, Max"]
[Result "0-1"]
[WhiteElo "1911"]
[BlackElo "1689"]
[PlyCount "74"]
[EventDate "2021.??.??"]
[WhiteTeam "Greifswalder SV"]
[BlackTeam "Think Rochade"]

1. e4 c5 2. Nf3 e6 3. d4 cxd4 4. Nxd4 Nc6 5. Nc3 Qc7 6. g3 a6 7. Bg2 Nf6 8. O-O
b5 9. a3 Bb7 10. Re1 Bc5 11. Nb3 d6 12. Nxc5 dxc5 13. e5 Nd7 14. Ne4 O-O 15. f4
Ne7 16. c4 bxc4 17. Qc2 Nb6 18. Nd6 Bxg2 19. Kxg2 Qc6+ 20. Kg1 Qd5 21. Be3 Nc6
22. Rac1 Nd4 23. Bxd4 Qxd4+ 24. Qf2 Rfd8 25. Qxd4 cxd4 26. Nxc4 Na4 27. Red1
Nc5 28. Nd6 Nb3 29. Rc7 Rab8 30. Kf2 f6 31. Rd3 fxe5 32. fxe5 Rf8+ 33. Ke2 h5
34. Ke1 Kh7 35. Nb7 Na1 36. b4 Rf5 37. Rxd4 Rxb7 0-1

[Event "LEM Nachwuchs M-V u18 vom 08.-11.07.202"]
[Site "MaJuWi Greifswald/Wieck"]
[Date "2021.07.11"]
[Round "6.3"]
[White "Kallweit, Paul"]
[Black "Johlke, Lukas"]
[Result "1-0"]
[WhiteElo "1878"]
[BlackElo "1608"]
[PlyCount "73"]
[EventDate "2021.??.??"]
[WhiteTeam "SSC Rostock 07"]
[BlackTeam "SG Jasmund"]

1. d4 d5 2. c4 Bf5 3. Nc3 Nf6 4. cxd5 Nxd5 5. Qb3 Nxc3 6. bxc3 Qc8 7. Ba3 c6 8.
e3 Be6 9. Qc2 f5 10. Nf3 g6 11. Ng5 Bh6 12. Nxe6 Qxe6 13. Bd3 O-O 14. O-O Nd7
15. e4 f4 16. f3 Kh8 17. Rab1 b6 18. Qb3 Qxb3 19. axb3 Rfe8 20. d5 Ne5 21. Ba6
c5 22. Rf2 Bf8 23. Ra2 e6 24. dxe6 Rxe6 25. Bb7 Rd8 26. Bd5 Red6 27. Bc1 Nd3
28. Rxa7 Re8 29. Bd2 Rxd5 30. exd5 Re2 31. Rd1 c4 32. b4 h5 33. g3 fxg3 34.
hxg3 Bd6 35. Bf4 Bxf4 36. gxf4 Nxf4 37. d6 1-0

[Event "LEM Nachwuchs M-V u18 vom 08.-11.07.202"]
[Site "MaJuWi Greifswald/Wieck"]
[Date "2021.07.11"]
[Round "6.4"]
[White "Quiram, Arne"]
[Black "Trams, Emma Joe"]
[Result "0-1"]
[WhiteElo "1643"]
[BlackElo "1466"]
[PlyCount "52"]
[EventDate "2021.??.??"]
[WhiteTeam "ESV Waren"]
[BlackTeam "SG Jasmund"]

1. e4 e5 2. Nc3 Nf6 3. f4 d6 4. Nf3 Qe7 5. fxe5 dxe5 6. Bc4 Bg4 7. d3 h6 8. Be3
a6 9. O-O Nc6 10. Qd2 Qd7 11. Nd5 Be7 12. Rf2 Be6 13. Nxe7 Qxe7 14. Bxe6 Qxe6
15. h3 O-O-O 16. a4 Nxe4 17. Nd4 exd4 18. dxe4 dxe3 19. Qxe3 Rhe8 20. Raf1 f6
21. Re1 Qc4 22. Qg3 Rxe4 23. Rxe4 Qxe4 24. Qxg7 Rd1+ 25. Kh2 Qe5+ 26. Qg3 Rh1+
0-1

[Event "LEM Nachwuchs M-V u18 vom 08.-11.07.202"]
[Site "MaJuWi Greifswald/Wieck"]
[Date "2021.07.11"]
[Round "6.5"]
[White "Camen, Lisette"]
[Black "Warda, Michelangelo"]
[Result "1/2-1/2"]
[WhiteElo "1472"]
[BlackElo "1242"]
[PlyCount "92"]
[EventDate "2021.??.??"]
[WhiteTeam "Lok Pritzwalk"]
[BlackTeam "SF Schwerin"]

1. c4 c5 2. Nc3 Nc6 3. g3 g6 4. Bg2 Bg7 5. Nf3 Nf6 6. O-O O-O 7. d3 e6 8. Bf4
d5 9. Nb5 Ne8 10. Rb1 a6 11. Nc3 Nf6 12. e3 Nh5 13. cxd5 exd5 14. Ne2 Be6 15.
b3 Nxf4 16. Nxf4 Qa5 17. Qd2 Nb4 18. Ng5 Qxa2 19. Qxa2 Nxa2 20. Bxd5 Bxd5 21.
Nxd5 Rfd8 22. e4 h6 23. Nh3 Nb4 24. Nxb4 cxb4 25. Rfd1 g5 26. f4 Bd4+ 27. Kg2
f6 28. Nf2 Rac8 29. Rbc1 Be3 30. Rc4 a5 31. Kf3 Bxf2 32. Kxf2 Rc6 33. Ke3 Rdc8
34. Rdc1 Kf7 35. d4 Rxc4 36. Rxc4 Rxc4 37. bxc4 a4 38. Kd2 a3 39. Kc2 a2 40.
Kb2 b3 41. d5 Ke7 42. c5 Kd7 43. e5 fxe5 44. fxe5 g4 45. e6+ Ke7 46. Ka1 Kf6
1/2-1/2

[Event "LEM Nachwuchs M-V u18 vom 08.-11.07.202"]
[Site "MaJuWi Greifswald/Wieck"]
[Date "2021.07.11"]
[Round "6.6"]
[White "Engel, Roland"]
[Black "Johlke, Lorenz"]
[Result "0-1"]
[WhiteElo "1083"]
[BlackElo "1673"]
[PlyCount "44"]
[EventDate "2021.??.??"]
[WhiteTeam "SSC Rostock"]
[BlackTeam "SG Jasmund"]

1. e4 e6 2. d4 d5 3. exd5 exd5 4. Nc3 c6 5. Be2 Bd6 6. Nf3 Bg4 7. h3 Bh5 8. O-O
Nd7 9. Nh4 Qxh4 10. Bxh5 g6 11. Re1+ Ne7 12. Bg4 f5 13. Bf3 O-O-O 14. Re6 Nf8
15. Re1 h5 16. Qd2 f4 17. Ne2 g5 18. Qa5 a6 19. Nc3 g4 20. Na4 gxf3 21. Nc5 Rg8
22. Kf1 Rxg2 0-1

[Event "LEM Nachwuchs M-V u18 vom 08.-11.07.202"]
[Site "MaJuWi Greifswald/Wieck"]
[Date "2021.07.11"]
[Round "6.7"]
[White "Herrmann, Jakob"]
[Black "Neubert, Conrad"]
[Result "0-1"]
[WhiteElo "1533"]
[BlackElo "1649"]
[PlyCount "78"]
[EventDate "2021.??.??"]
[WhiteTeam "SAV Torgelow"]
[BlackTeam "SF Schwerin"]

1. e4 c5 2. Nc3 Nc6 3. Nge2 e6 4. d4 cxd4 5. Nxd4 Qc7 6. g3 a6 7. Bg2 Nf6 8.
Be3 b5 9. O-O Bb7 10. Re1 b4 11. Na4 d5 12. exd5 Nxd4 13. Bxd4 Bxd5 14. Bxd5
Nxd5 15. f4 Qc6 16. b3 Bd6 17. f5 O-O 18. Qg4 e5 19. Bxe5 Bxe5 20. Rxe5 Nf6 21.
Qe2 Rfe8 22. Rxe8+ Rxe8 23. Qd3 Ng4 24. Rd1 Ne5 25. Qd5 Nf3+ 26. Kf1 Nxh2+ 27.
Kg1 Nf3+ 28. Kf1 Nh2+ 29. Kg1 Qxc2 30. Nb6 h6 31. Nc4 Ng4 32. Qd2 Qxf5 33. Nd6
Qc5+ 34. Qd4 Re1+ 35. Kg2 Ne3+ 36. Kf3 Qc6+ 37. Ne4 Nxd1 38. Qd8+ Kh7 39. Qd4
Nc3 0-1

[Event "LEM Nachwuchs M-V u18 vom 08.-11.07.202"]
[Site "MaJuWi Greifswald/Wieck"]
[Date "2021.07.11"]
[Round "7.1"]
[White "Trams, Emma Joe"]
[Black "Fromm, Marius"]
[Result "0-1"]
[WhiteElo "1466"]
[BlackElo "2297"]
[PlyCount "74"]
[EventDate "2021.??.??"]
[WhiteTeam "SG Jasmund"]
[BlackTeam "Greifswalder SV"]

1. e4 c5 2. Nf3 d6 3. Bb5+ Nd7 4. O-O a6 5. Be2 Ngf6 6. d3 e6 7. b3 Be7 8. Bb2
O-O 9. Nbd2 b5 10. a4 Bb7 11. axb5 axb5 12. Rxa8 Bxa8 13. c4 Qb6 14. Qa1 Bc6
15. e5 Ra8 16. Qc1 Ng4 17. exd6 Bxd6 18. Qc3 Nde5 19. h3 b4 20. Qc1 Nxf3+ 21.
Nxf3 Nf6 22. Rd1 Qc7 23. d4 Bf4 24. Qb1 Be4 25. Bd3 Bxf3 26. gxf3 cxd4 27. Bxd4
Be5 28. Be4 Bxd4 29. Bxa8 Qg3+ 30. Kh1 Qxh3+ 31. Kg1 Qg3+ 32. Kh1 Qh4+ 33. Kg2
Qxf2+ 34. Kh1 Nh5 35. Rg1 Qh4+ 36. Kg2 Nf4+ 37. Kf1 Qf2# 0-1

[Event "LEM Nachwuchs M-V u18 vom 08.-11.07.202"]
[Site "MaJuWi Greifswald/Wieck"]
[Date "2021.07.11"]
[Round "7.2"]
[White "Schwenck, Fabian"]
[Black "Kallweit, Paul"]
[Result "0-1"]
[WhiteElo "1683"]
[BlackElo "1878"]
[PlyCount "156"]
[EventDate "2021.??.??"]
[WhiteTeam "SG Güstrow"]
[BlackTeam "SSC Rostock 07"]

1. e4 c5 2. Nf3 e6 3. d4 cxd4 4. Nxd4 Nc6 5. c4 Nf6 6. Nc3 Bb4 7. Nxc6 bxc6 8.
Bd3 e5 9. Bd2 O-O 10. O-O Rb8 11. a3 Bc5 12. Qc1 Bd4 13. Rb1 Ba6 14. b4 d5 15.
exd5 cxd5 16. b5 dxc4 17. Bxc4 Bb7 18. Ne2 Rc8 19. Nxd4 Qxd4 20. Rb4 Bd5 21.
Be3 Rxc4 22. Bxd4 Rxc1 23. Rxc1 exd4 24. Rxd4 h6 25. Ra4 Rb8 26. Ra5 Rb7 27. h3
Rd7 28. a4 Kf8 29. Rb1 Rb7 30. Ra6 Ke7 31. b6 axb6 32. Rbxb6 Kd7 33. Rxb7+ Bxb7
34. Rb6 Kc7 35. a5 Nd7 36. Rb2 Nb8 37. f4 Nc6 38. Rc2 Bc8 39. Kf2 Bd7 40. Ke3
Kb7 41. Rd2 Be6 42. Rb2+ Kc7 43. a6 Bc8 44. Ra2 Kb6 45. a7 Nxa7 46. Ke4 Nc6 47.
Rd2 Kc7 48. Kd5 h5 49. Kc5 h4 50. Rd5 g6 51. Rd6 Ne7 52. Rd3 Be6 53. Kd4 Bf5
54. Re3 Kd6 55. Re1 Nc6+ 56. Ke3 Be6 57. Kf2 Bd5 58. g3 hxg3+ 59. Kxg3 Be6 60.
Kh4 Nd4 61. Rh1 Ke7 62. Kg5 Nf3+ 63. Kh6 Kf6 64. Rf1 Nd4 65. Rh1 Ne2 66. h4
Nxf4 67. Rf1 Kf5 68. Rg1 Nh5 69. Rg5+ Kf6 70. Ra5 Ng3 71. Rg5 Nf5+ 72. Rxf5+
Bxf5 73. h5 gxh5 74. Kxh5 Ke5 75. Kh4 Ke4 76. Kh5 f6 77. Kh4 Bc8 78. Kh5 f5 0-1

[Event "LEM Nachwuchs M-V u18 vom 08.-11.07.202"]
[Site "MaJuWi Greifswald/Wieck"]
[Date "2021.07.11"]
[Round "7.3"]
[White "Gazizov, Max"]
[Black "Johlke, Lukas"]
[Result "1-0"]
[WhiteElo "1689"]
[BlackElo "1608"]
[PlyCount "71"]
[EventDate "2021.??.??"]
[WhiteTeam "Think Rochade"]
[BlackTeam "SG Jasmund"]

1. d4 d5 2. c4 e6 3. cxd5 exd5 4. Nc3 Nf6 5. Bg5 c6 6. e3 Be7 7. Bd3 O-O 8. Nf3
Bg4 9. O-O Re8 10. Rb1 Ne4 11. Bxe7 Qxe7 12. Be2 Nd7 13. Nd2 Bxe2 14. Qxe2 Qh4
15. Ndxe4 dxe4 16. f3 exf3 17. Rxf3 Re6 18. Rh3 Qe7 19. e4 Re8 20. Qd3 Rg6 21.
Rf1 Rd8 22. Rf4 Ne5 23. Qe3 Nc4 24. Qf2 Qd7 25. Rhf3 Rf8 26. e5 c5 27. b3 Na5
28. d5 h6 29. e6 Qe7 30. Rxf7 Rxf7 31. Rxf7 Qg5 32. e7 Qc1+ 33. Qf1 Qe3+ 34.
Kh1 Rf6 35. Rf8+ Kh7 36. Qb1+ 1-0

[Event "LEM Nachwuchs M-V u18 vom 08.-11.07.202"]
[Site "MaJuWi Greifswald/Wieck"]
[Date "2021.07.11"]
[Round "7.4"]
[White "Johlke, Lorenz"]
[Black "Troyke, Jannis"]
[Result "0-1"]
[WhiteElo "1673"]
[BlackElo "1911"]
[PlyCount "46"]
[EventDate "2021.??.??"]
[WhiteTeam "SG Jasmund"]
[BlackTeam "Greifswalder SV"]

1. e4 c5 2. f4 d5 3. d3 dxe4 4. dxe4 Qxd1+ 5. Kxd1 Nc6 6. Be3 b6 7. Nf3 Bb7 8.
Nbd2 O-O-O 9. Ng5 Nh6 10. Bc4 f6 11. Ne6 Rd6 12. Ke2 Na5 13. e5 Rxd2+ 14. Bxd2
Nxc4 15. Bc3 Kd7 16. Nxf8+ Rxf8 17. exf6 exf6 18. Rhd1+ Kc7 19. g3 Ng4 20. b3
Re8+ 21. Kd3 Nf2+ 22. Kxc4 Re4+ 23. Bd4 Nxd1 0-1

[Event "LEM Nachwuchs M-V u18 vom 08.-11.07.202"]
[Site "MaJuWi Greifswald/Wieck"]
[Date "2021.07.11"]
[Round "7.5"]
[White "Warda, Michelangelo"]
[Black "Herrmann, Jakob"]
[Result "0-1"]
[WhiteElo "1242"]
[BlackElo "1533"]
[PlyCount "52"]
[EventDate "2021.??.??"]
[WhiteTeam "SF Schwerin"]
[BlackTeam "SAV Torgelow"]

1. d4 Nf6 2. c4 g6 3. Nc3 Bg7 4. Nf3 d6 5. e4 O-O 6. Be2 e5 7. d5 a5 8. Be3 Na6
9. Qd2 Qe7 10. Bh6 Nc5 11. Bxg7 Kxg7 12. Bd3 Nh5 13. Ne2 f5 14. Qc2 Nf6 15. Ng3
f4 16. Ne2 Nxd3+ 17. Qxd3 Nxe4 18. Nc3 Nc5 19. Qd2 Bf5 20. h4 Nd3+ 21. Kf1 e4
22. Nd4 Qe5 23. Nxf5+ Qxf5 24. Qe2 f3 25. Qxe4 fxg2+ 26. Kxg2 Qxf2+ 0-1

[Event "LEM Nachwuchs M-V u18 vom 08.-11.07.202"]
[Site "MaJuWi Greifswald/Wieck"]
[Date "2021.07.11"]
[Round "7.6"]
[White "Quiram, Arne"]
[Black "Engel, Roland"]
[Result "0-1"]
[WhiteElo "1643"]
[BlackElo "1083"]
[PlyCount "70"]
[EventDate "2021.??.??"]
[WhiteTeam "ESV Waren"]
[BlackTeam "SSC Rostock"]

1. e4 c5 2. Nf3 e6 3. d4 cxd4 4. Nxd4 Nc6 5. Nc3 Nf6 6. Be3 a6 7. Be2 Qc7 8.
Qd2 Bb4 9. a3 Bxc3 10. Qxc3 Nxe4 11. Qd3 Nf6 12. O-O O-O 13. Nb3 d6 14. Rad1
Rd8 15. Bf3 Ne5 16. Qd2 Nxf3+ 17. gxf3 b5 18. Nc5 Bb7 19. Nxb7 Qxb7 20. Qe2
Rac8 21. Bf4 d5 22. c3 Nd7 23. Bg5 Re8 24. Be3 Ne5 25. Kh1 a5 26. Rg1 Nc4 27.
Bh6 g6 28. b3 Nd6 29. Qe5 Nf5 30. Bd2 Qc7 31. Qf6 Qc5 32. Rdf1 Qxa3 33. Rg5 Qe7
34. Rxf5 exf5 35. Qd4 Qe2 0-1

[Event "LEM Nachwuchs M-V u18 vom 08.-11.07.202"]
[Site "MaJuWi Greifswald/Wieck"]
[Date "2021.07.11"]
[Round "7.7"]
[White "Neubert, Conrad"]
[Black "Camen, Lisette"]
[Result "1/2-1/2"]
[WhiteElo "1649"]
[BlackElo "1472"]
[Annotator "Sonnenberger,Jörg"]
[PlyCount "57"]
[EventDate "2021.??.??"]
[WhiteTeam "SF Schwerin"]
[BlackTeam "Lok Pritzwalk"]

1. d4 Nf6 2. c4 g6 3. f3 Bg7 4. e4 d6 5. Nc3 O-O 6. Be3 e5 7. d5 c6 8. Qd2 cxd5
9. cxd5 Nbd7 10. Bh6 Nb6 11. Nge2 Bd7 12. Ng3 Rc8 13. h4 Nc4 14. Bxc4 Rxc4 15.
h5 Rd4 16. Qc1 Ne8 17. Bxg7 Nxg7 18. hxg6 fxg6 19. Qh6 Kf7 20. Qxh7 Qg5 21.
Nce2 Rd2 22. Rh6 Bb5 23. Rc1 Kf6 24. f4 exf4 25. Kxd2 f3+ 26. Ke1 fxe2 27. Nxe2
Bxe2 28. Rc7 Rf7 29. Rxf7+ 1/2-1/2